| 000 | 00747nam a22002057a 4500 | ||
|---|---|---|---|
| 999 |
_c9054 _d9054 |
||
| 003 | AR-CdUCM | ||
| 008 | 190327b ||||| |||| 00| 0 spa d | ||
| 040 |
_aMUNICIPALIDAD PROVINCIAL DEL CUSCO _cBIBLIOTECA MUNICIPAL DEL CUSCO |
||
| 082 |
_25ed _a869.335 / _bN44 |
||
| 100 |
_aNeruda, Pablo _92359 |
||
| 245 |
_aConfieso que he vivido : _bMemorias / |
||
| 260 |
_aBuenos Aires : _bEditorial Losada, _c1976. |
||
| 300 |
_a497 páginas ; _c19 cm. |
||
| 505 | _aContenido: El bosque chileno -- Infancia y poesía -- El arte de la lluvia -- Mi primer poema -- La casa de las tres viudas -- El amor juntos al trigo... | ||
| 650 |
_aPoemas chilenos _925026 |
||
| 650 |
_aNeruda _925027 |
||
| 650 |
_aChile _91150 |
||
| 942 |
_2ddc _cLIBROS |
||
| 945 | _adavv | ||